• 首页
  • 本馆介绍
  • 公告通知
  • 最新文献
  • 馆藏检索
  • 电子资源
  • 读者导购
  • 参考咨询
  • 我的图书馆
  • 登录
  • 详细信息显示
  • 放入我的书架
  • 预约/预借图书
  • 作者相关作品
  • 分类相关作品
  • 丛书相关作品
  • 出版社相关作品

书目信息

  • 表格格式
  • 工作单格式
  • 卡片格式
题名:
工业企业经济核算制理论与方法
    
 
作者: 何振一 著
分册:  
出版信息: 北京   中国社会科学出版社  1983
页数: 163页
开本: 19cm
丛书名:
单 册:
中图分类: F406.71
科图分类:
主题词: 工业企业管理-经济核算 , 经济核算-工业企业管理 , 工业经济--经济理论
电子资源:
ISBN:
000 00745nam0 2200265 45
001 0183002940
005 20040429142056.9
010    @dCNY0.50
091    @a4190.155
100    @a19950228d1983 em y0chiy0121 ea
101 0  @achi
102    @aCN@b110000
105    @ay z 000yy
106    @ar
200 10 @a工业企业经济核算制理论与方法@Agong ye qi ye jing ji he suan zhi li lun yu fang fa@f何振一著
210    @a北京@c中国社会科学出版社@d1983
215    @a163页@d19cm
606    @a工业企业管理-经济核算
606    @a经济核算-工业企业管理
606 0  @a工业经济@x经济理论
690    @aF406.71
701  0 @a何振一@Ahe zhen yi@4著
801  0 @aCN@b上海图书馆@c20040429
801  2 @aCN@bNLC@c20040429
905    @f1@b99355@dF406.71@e29
    
    工业企业经济核算制理论与方法/何振一著.-北京:中国社会科学出版社,1983
    163页;19cm
    
    
    ISBN :CNY0.50
    
●
相关链接 在E读中查询图书 在五车中查询图书 在当当中查询图书 在豆瓣中查询图书


正题名:工业企业经济核算制理论与方法     索取号:F406.71/29         预约/预借

序号 登录号 条形码 馆藏地/架位号 状态 备注
1 0099355   000207449   第一借阅区/ [索取号:F406.71/29] 在馆    
2 0099357   000207430   第一样本阅览室/ [索取号:F406.71/29] 在馆    
唐山师范学院图书馆 欢迎您!
大连网信软件有限公司© 版权所有